Top 10 Most Populated Cities in 2026 - Statistics

General Stats
  • This quiz has been taken 24 times
  • The average score is 8 of 10
Answer Stats
Hint Answer % Correct
37.5 Million, Japan Tokyo
100%
21.8 Million, Egypt Cairo
89%
33.0 Million, India Delhi
89%
22.1 Million, Mexico Mexico City
89%
28.7 Million, China Shanghai
89%
21.4 Million, India Mumbai
84%
20.9 Million, China Beijing
79%
23.5 Million, Brazil São Paulo
79%
20.2 Million, Nigeria Lagos
74%
20.5 Million, Bangladesh Dhaka
68%
No matching quizzes found
Score Distribution
Percent of People with Each Score
Percentile by Number Answered
Your Score History
You have not taken this quiz